000 02228cam a2200493 i 4500
001 data
003 data
005 20260322212122.0
007 data
008 data
906 _a7
_bcbc
_ccopycat
_d3
_encip
_f20
_gy-gencatlg
923 _apurchase
_d06-09-25
_nI-200016200
_sProQuest
925 0 _aacquire
_b1 shelf copy
_xpolicy default
010 _a 2025474665
016 7 _a021224102
_2UK
020 _a1911584790
020 _a9781911584797
035 _a(ukrwcls)uk66640438
035 _a(OCoLC)1389609164
040 _aYDX
_beng
_erda
_cYDX
_dDLC
_dOCLCF
_dOCLCO
_dOCLCQ
_dDLC
_dDLC-MRC
_dDLC
042 _alccopycat
050 0 0 _aPB2289
_b.M34 2024
082 0 4 _a891.66130803579
_223
245 0 0 _aMae gêm yn fwy na gêm :
_bblodeugerdd chwaraeon /
_cgol. Sioned Dafydd.
250 _aArgraffiad cyntaf.
264 1 _a[Wales] :
_bCyhoeddiadau Barddas,
_c2024.
300 _axiii, 121 pages
_c19 cm
334 _asingle unit
_bmono
_0http://id.loc.gov/vocabulary/issuance/mono
336 _atext
_btxt
_2rdacontent
_0http://id.loc.gov/vocabulary/contentTypes/txt
337 _aunmediated
_bn
_2rdamedia
_0http://id.loc.gov/vocabulary/mediaTypes/n
338 _avolume
_bnc
_2rdacarrier
_0http://id.loc.gov/vocabulary/carriers/nc
650 0 _aSports
_vPoetry
_0http://id.loc.gov/authorities/subjects/sh2010114559
650 6 _aSports
_vPoésie
650 7 _aSports
_2fast
655 7 _aSports poetry
_2lcgft
_0http://id.loc.gov/authorities/genreForms/gf2017026018
655 7 _aPoetry
_2fast
_0(OCoLC)fst01423828
_0(OCoLC)fst01423828
700 1 _aDafydd, Sioned
_c(Sports reporter)
_eeditor
_4http://id.loc.gov/vocabulary/relators/edt
_0http://id.loc.gov/authorities/names/no2024132664
_1http://id.loc.gov/rwo/agents/no2024132664
758 _1http://id.loc.gov/resources/instances/in00024320206
758 _4http://id.loc.gov/ontologies/bibframe/instanceOf
_1http://id.loc.gov/resources/works/in00024320206
884 _aDLC bibframe2marc v3.1-dev
_g20251212
_qDLC
_uhttps://github.com/lcnetdev/bibframe2marc/tree/v3.1-dev
985 _eBIBFRAME
_d2025-12-12T14:07:32
985 _abulk27_edited.mrc
_eBULK-27
999 _c1880
_d1880